[Event "EUYCC 2025 - U08"]
[Site "?"]
[Date "2025.08.27"]
[Round "9.2"]
[White "Talaba, David-Christian"]
[Black "Brentegani, Romeo"]
[Result "1-0"]
[BlackElo "1598"]
[WhiteElo "1577"]
[LiveChessVersion "1.4.8"]

1. d4 {[%clk 1:30:55]} Nf6 {[%clk 1:30:38]} 2. Nf3 {[%clk 1:31:15]} d5
{[%clk 1:30:54]} 3. g3 {[%clk 1:31:10]} e6 {[%clk 1:29:56]} 4. Bg2
{[%clk 1:30:28]} c5 {[%clk 1:28:41]} 5. e3 {[%clk 1:27:26]} Nc6 {[%clk 1:28:07]}
6. O-O {[%clk 1:27:15]} c4 {[%clk 1:27:23]} 7. Nc3 {[%clk 1:20:42]} Bb4
{[%clk 1:25:46]} 8. Bd2 {[%clk 1:20:36]} Bxc3 {[%clk 1:25:40]} 9. Bxc3
{[%clk 1:21:00]} Ne4 {[%clk 1:25:39]} 10. Be1 {[%clk 1:12:56]} O-O
{[%clk 1:24:34]} 11. Nd2 {[%clk 1:13:23]} c3 {[%clk 1:21:51]} 12. Nxe4
{[%clk 1:13:19]} cxb2 {[%clk 1:20:49]} 13. Rb1 {[%clk 1:13:40]} dxe4
{[%clk 1:21:13]} 14. Bxe4 {[%clk 1:12:54]} f5 {[%clk 1:19:36]} 15. Bg2
{[%clk 1:11:42]} Qg5 {[%clk 1:13:04]} 16. Rxb2 {[%clk 1:06:46]} Rd8
{[%clk 1:06:32]} 17. Qe2 {[%clk 1:02:39]} Rd6 {[%clk 1:03:33]} 18. c4
{[%clk 0:57:34]} e5 {[%clk 0:59:44]} 19. dxe5 {[%clk 0:55:05]} Nxe5
{[%clk 0:59:22]} 20. f4 {[%clk 0:53:43]} Qe7 21. fxe5 {[%clk 0:51:49]} Qxe5
{[%clk 0:58:33]} 22. e4 {[%clk 0:49:38]} Bd7 {[%clk 0:53:52]} 23. exf5
{[%clk 0:48:22]} Qf6 {[%clk 0:53:38]} 24. c5 {[%clk 0:47:07]} Re8
{[%clk 0:53:39]} 25. Qc4+ {[%clk 0:45:27]} Kh8 {[%clk 0:53:10]} 26. Bc3
{[%clk 0:45:32]} Qg5 {[%clk 0:52:09]} 27. cxd6 {[%clk 0:43:53]} Qe3+
{[%clk 0:52:09]} 28. Kh1 {[%clk 0:43:41]} Rc8 {[%clk 0:52:28]} 29. Bd4
{[%clk 0:43:20]} Qa3 {[%clk 0:52:00]} 30. Qf7 {[%clk 0:43:32]} Qxd6
{[%clk 0:51:57]} 31. Qxg7# {[%clk 0:43:51]} 1-0

[Event "EUYCC 2025 - U08"]
[Site "?"]
[Date "2025.08.27"]
[Round "9.5"]
[White "Ighilahriz, Said"]
[Black "Valik, Viktor"]
[Result "1-0"]
[BlackElo "1518"]
[WhiteElo "1756"]
[LiveChessVersion "1.4.8"]

1. e4 {[%clk 1:30:45]} c5 {[%clk 1:30:43]} 2. Nf3 {[%clk 1:30:46]} Nc6
{[%clk 1:30:54]} 3. d3 {[%clk 1:30:37]} g6 {[%clk 1:30:31]} 4. Be3
{[%clk 1:30:08]} Bg7 {[%clk 1:29:58]} 5. c3 {[%clk 1:29:48]} b6 {[%clk 1:29:42]}
6. d4 {[%clk 1:29:39]} cxd4 {[%clk 1:29:50]} 7. cxd4 {[%clk 1:29:57]} Nf6
{[%clk 1:30:00]} 8. d5 {[%clk 1:29:57]} Nb8 {[%clk 1:26:26]} 9. Bd4
{[%clk 1:29:25]} O-O {[%clk 1:25:23]} 10. Bd3 {[%clk 1:29:05]} Ba6
{[%clk 1:24:29]} 11. Bxa6 {[%clk 1:28:12]} Nxa6 {[%clk 1:24:50]} 12. Nc3
{[%clk 1:28:06]} d6 {[%clk 1:24:53]} 13. Qe2 {[%clk 1:27:57]} Nc5
{[%clk 1:24:37]} 14. b4 {[%clk 1:27:27]} Ncd7 {[%clk 1:24:25]} 15. O-O
{[%clk 1:26:11]} Ng4 {[%clk 1:24:34]} 16. Bxg7 {[%clk 1:26:18]} Kxg7
{[%clk 1:24:52]} 17. Nd4 {[%clk 1:26:10]} Ngf6 {[%clk 1:24:29]} 18. Nc6
{[%clk 1:25:52]} Qe8 {[%clk 1:24:30]} 19. Nb5 {[%clk 1:24:55]} Rc8
{[%clk 1:22:46]} 20. Ncxa7 {[%clk 1:23:37]} Rb8 {[%clk 1:22:04]} 21. Nc6
{[%clk 1:23:10]} Rc8 {[%clk 1:22:11]} 22. f4 {[%clk 1:22:43]} Nb8
{[%clk 1:21:38]} 23. Nca7 {[%clk 1:22:02]} Rd8 {[%clk 1:21:22]} 24. Rac1
{[%clk 1:21:53]} e6 {[%clk 1:20:35]} 25. Qd3 {[%clk 1:19:53]} exd5
{[%clk 1:20:17]} 26. exd5 {[%clk 1:19:22]} Qe4 {[%clk 1:20:30]} 27. Qxe4
{[%clk 1:16:44]} Nxe4 {[%clk 1:20:05]} 28. Nc6 {[%clk 1:16:07]} Rc8
{[%clk 1:19:45]} 29. Nxb8 {[%clk 1:16:01]} Rxc1 {[%clk 1:19:42]} 30. Rxc1
{[%clk 1:16:15]} Rxb8 {[%clk 1:20:00]} 31. Rc6 {[%clk 1:15:53]} Kf6
{[%clk 1:18:21]} 32. g4 {[%clk 1:15:38]} Ke7 {[%clk 1:18:24]} 33. h3
{[%clk 1:13:03]} Ng3 {[%clk 1:15:36]} 34. Kf2 {[%clk 1:12:19]} Ne4+
{[%clk 1:15:28]} 35. Ke3 {[%clk 1:11:34]} f5 {[%clk 1:15:22]} 36. Rc7+
{[%clk 1:11:36]} Kf8 {[%clk 1:14:44]} 37. Rxh7 {[%clk 1:11:41]} Nf6
{[%clk 1:14:55]} 38. Rh8+ {[%clk 1:10:34]} Ng8 {[%clk 1:15:04]} 39. Nd4
{[%clk 1:10:21]} Kg7 {[%clk 1:15:10]} 40. Rh4 {[%clk 1:10:08]} Nh6
{[%clk 1:15:03]} 41. Ne6+ {[%clk 1:09:20]} Kh7 {[%clk 1:13:50]} 42. g5
{[%clk 1:08:42]} 1-0

[Event "EUYCC 2025 - U08"]
[Site "?"]
[Date "2025.08.27"]
[Round "9.6"]
[White "Katsarski, Yan"]
[Black "Karcz, Bartlomiej"]
[Result "0-1"]
[BlackElo "1443"]
[WhiteElo "1580"]
[LiveChessVersion "1.4.8"]

1. e4 {[%clk 1:29:30]} e5 {[%clk 1:29:30]} 2. Nf3 {[%clk 1:28:00]} Nc6
{[%clk 1:26:30]} 3. d4 {[%clk 1:25:50]} exd4 {[%clk 1:20:32]} 4. Bc4
{[%clk 1:24:17]} Nf6 {[%clk 1:19:01]} 5. e5 {[%clk 1:22:36]} d5 {[%clk 1:18:13]}
6. Bb5 {[%clk 1:20:51]} Ne4 {[%clk 1:16:26]} 7. Nxd4 {[%clk 1:20:12]} Bd7
{[%clk 1:16:26]} 8. Bxc6 {[%clk 1:19:12]} bxc6 {[%clk 1:15:58]} 9. O-O
{[%clk 1:17:06]} Bc5 {[%clk 1:12:04]} 10. f3 {[%clk 1:13:33]} Ng5
{[%clk 1:11:25]} 11. f4 {[%clk 1:13:33]} Ne4 {[%clk 1:09:04]} 12. Be3
{[%clk 1:11:13]} O-O {[%clk 1:09:05]} 13. Nd2 {[%clk 1:09:00]} Bb6
{[%clk 1:04:34]} 14. Nxe4 {[%clk 1:08:03]} dxe4 {[%clk 1:04:34]} 15. Qe1
{[%clk 1:06:02]} c5 {[%clk 1:04:13]} 16. Nb3 {[%clk 1:02:38]} Qe7
{[%clk 1:03:16]} 17. Qc3 {[%clk 1:01:19]} Bb5 {[%clk 1:00:13]} 18. Rfe1
{[%clk 0:59:43]} c4 {[%clk 0:58:50]} 19. Nd2 {[%clk 0:57:39]} Bxe3+
{[%clk 0:54:44]} 20. Qxe3 {[%clk 0:53:59]} f6 {[%clk 0:53:47]} 21. e6 f5
{[%clk 0:50:39]} 22. Qc3 {[%clk 0:44:52]} Qxe6 {[%clk 0:49:10]} 23. Re3
{[%clk 0:43:35]} Kh8 {[%clk 0:48:21]} 24. Nf3 {[%clk 0:40:30]} Qd6
{[%clk 0:43:40]} 25. Ne5 {[%clk 0:39:18]} Qb6 {[%clk 0:38:34]} 26. Kh1
{[%clk 0:37:53]} Rad8 {[%clk 0:30:49]} 27. Rg3 {[%clk 0:33:34]} Rd4
{[%clk 0:29:54]} 28. Qb4 {[%clk 0:30:16]} Qd6 {[%clk 0:29:35]} 29. Qe1
{[%clk 0:27:06]} Kg8 {[%clk 0:20:39]} 30. h3 {[%clk 0:23:20]} Rd8
{[%clk 0:15:33]} 31. Qe2 {[%clk 0:20:15]} Rd1+ {[%clk 0:15:48]} 32. Rxd1
{[%clk 0:18:34]} Qxd1+ {[%clk 0:16:10]} 33. Qxd1 {[%clk 0:18:20]} Rxd1+
{[%clk 0:16:32]} 34. Kh2 {[%clk 0:18:14]} Rf1 {[%clk 0:15:45]} 35. b3
{[%clk 0:17:47]} Rxf4 {[%clk 0:14:18]} 36. bxc4 {[%clk 0:18:02]} Ba4
{[%clk 0:14:35]} 37. Ra3 {[%clk 0:16:17]} Bxc2 {[%clk 0:14:04]} 38. Rxa7
{[%clk 0:15:23]} h6 {[%clk 0:14:25]} 39. Ra8+ {[%clk 0:13:17]} Kh7
{[%clk 0:14:45]} 40. Rh8+ {[%clk 0:12:27]} Kxh8 {[%clk 0:14:58]} 41. Ng6+
{[%clk 0:12:39]} Kg8 {[%clk 0:15:08]} 42. Nxf4 {[%clk 0:12:44]} Kf7
{[%clk 0:14:11]} 43. Nd5 {[%clk 0:09:50]} c6 {[%clk 0:12:29]} 44. Ne3
{[%clk 0:09:18]} Bd3 {[%clk 0:12:39]} 45. Nxf5 {[%clk 0:09:09]} Kf6
{[%clk 0:12:41]} 46. Ne3 {[%clk 0:09:02]} Ke5 {[%clk 0:12:42]} 47. a4
{[%clk 0:07:30]} Kd4 {[%clk 0:12:54]} 48. a5 {[%clk 0:07:15]} Kc5
{[%clk 0:13:13]} 49. a6 {[%clk 0:06:21]} Kb6 {[%clk 0:13:11]} 50. a7
{[%clk 0:06:13]} Kxa7 {[%clk 0:13:33]} 51. Nf5 {[%clk 0:06:30]} Bxc4
{[%clk 0:13:44]} 52. Nxg7 {[%clk 0:06:29]} Bd3 {[%clk 0:13:53]} 53. Nf5
{[%clk 0:06:08]} c5 {[%clk 0:14:04]} 54. Nxh6 {[%clk 0:05:32]} c4
{[%clk 0:14:20]} 55. Nf5 {[%clk 0:05:54]} c3 {[%clk 0:14:40]} 56. Ne3
{[%clk 0:06:18]} c2 {[%clk 0:15:00]} 57. Nxc2 {[%clk 0:06:33]} Bxc2
{[%clk 0:15:26]} 58. Kg3 {[%clk 0:06:56]} Kb7 {[%clk 0:15:50]} 59. Kf2
{[%clk 0:07:06]} Kc7 {[%clk 0:16:14]} 60. g4 {[%clk 0:07:22]} Kd6
{[%clk 0:16:38]} 61. h4 {[%clk 0:06:39]} Ke6 {[%clk 0:16:53]} 62. Ke2
{[%clk 0:06:04]} Ke5 {[%clk 0:16:56]} 63. Ke3 {[%clk 0:06:16]} Bd1
{[%clk 0:17:14]} 64. g5 {[%clk 0:05:39]} Bh5 {[%clk 0:17:38]} 65. Kf2
{[%clk 0:05:08]} Kf4 {[%clk 0:18:01]} 66. Ke1 {[%clk 0:04:33]} Ke3
{[%clk 0:18:19]} 67. Kf1 {[%clk 0:04:22]} Kd2 {[%clk 0:18:42]} 68. Kf2
{[%clk 0:03:55]} e3+ {[%clk 0:18:27]} 69. Kg3 {[%clk 0:03:52]} e2
{[%clk 0:18:44]} 70. Kf4 {[%clk 0:04:06]} e1=Q {[%clk 0:18:58]} 71. Kf5
{[%clk 0:04:15]} Qe7 {[%clk 0:19:08]} 72. g6 {[%clk 0:04:23]} Bxg6+
{[%clk 0:19:32]} 73. Kxg6 {[%clk 0:04:39]} Qxh4 {[%clk 0:19:50]} 74. Kf5
{[%clk 0:04:52]} Qe1 {[%clk 0:20:09]} 75. Kf4 {[%clk 0:04:52]} Qe6
{[%clk 0:20:25]} 76. Kf3 {[%clk 0:05:01]} Qf5+ {[%clk 0:20:39]} 77. Kg3
{[%clk 0:05:09]} Ke2 {[%clk 0:20:50]} 78. Kh4 {[%clk 0:05:05]} Qg6
{[%clk 0:21:01]} 79. Kh3 {[%clk 0:05:25]} Kf3 80. Kh2 {[%clk 0:05:25]} Qg2#
{[%clk 0:21:42]} 0-1

[Event "EUYCC 2025 - U10"]
[Site "?"]
[Date "2025.08.20"]
[Round "2.1"]
[White "Vanek, Michal"]
[Black "Lobina, Thomas"]
[Result "1-0"]
[BlackElo "1959"]
[WhiteElo "1669"]
[LiveChessVersion "1.4.8"]

1. e4 {[%clk 1:30:58]} c5 {[%clk 1:30:54]} 2. Nf3 {[%clk 1:31:24]} d6
{[%clk 1:31:18]} 3. d4 {[%clk 1:31:48]} cxd4 {[%clk 1:31:43]} 4. Nxd4
{[%clk 1:32:09]} Nf6 {[%clk 1:32:08]} 5. Nc3 {[%clk 1:32:28]} g6 {[%clk 1:32:33]}
6. Nde2 {[%clk 1:31:16]} Bg7 {[%clk 1:32:25]} 7. g3 {[%clk 1:31:39]} Nc6
{[%clk 1:32:10]} 8. Bg2 {[%clk 1:32:00]} Bd7 {[%clk 1:32:10]} 9. O-O
{[%clk 1:32:08]} Qc8 {[%clk 1:30:56]} 10. Bf4 {[%clk 1:30:19]} O-O
{[%clk 1:30:03]} 11. Re1 {[%clk 1:28:24]} Rb8 {[%clk 1:25:35]} 12. a4
{[%clk 1:24:53]} a6 {[%clk 1:23:38]} 13. Qd2 {[%clk 1:21:58]} Re8
{[%clk 1:19:52]} 14. Red1 {[%clk 1:16:58]} Qc7 {[%clk 1:10:06]} 15. Be3
{[%clk 1:12:47]} Rec8 {[%clk 1:06:42]} 16. Nf4 {[%clk 1:10:09]} Be6
{[%clk 0:57:16]} 17. Nxe6 {[%clk 1:07:33]} fxe6 {[%clk 0:56:54]} 18. Bh3
{[%clk 1:07:33]} Kf7 {[%clk 0:55:42]} 19. f4 {[%clk 1:03:08]} Na5
{[%clk 0:49:04]} 20. Qf2 {[%clk 0:56:00]} Nc4 {[%clk 0:46:32]} 21. Bd4
{[%clk 0:51:57]} Nxb2 {[%clk 0:37:21]} 22. Re1 {[%clk 0:52:09]} Qc4
{[%clk 0:35:06]} 23. e5 {[%clk 0:50:51]} Nd7 {[%clk 0:33:19]} 24. Ne4
{[%clk 0:42:26]} h6 {[%clk 0:30:39]} 25. Bxb2 {[%clk 0:42:06]} d5
{[%clk 0:30:51]} 26. Nc3 {[%clk 0:31:28]} Qb4 {[%clk 0:28:46]} 27. Rab1
{[%clk 0:30:59]} Nc5 {[%clk 0:28:06]} 28. Ba1 {[%clk 0:26:02]} Qa5
{[%clk 0:28:17]} 29. Qd4 {[%clk 0:25:38]} b5 {[%clk 0:27:07]} 30. axb5
{[%clk 0:23:30]} axb5 {[%clk 0:27:30]} 31. Nxd5 {[%clk 0:23:17]} Na4
{[%clk 0:24:11]} 32. f5 {[%clk 0:17:14]} Rc4 {[%clk 0:23:25]} 33. fxe6+
{[%clk 0:16:23]} Kg8 {[%clk 0:23:42]} 34. Nxe7+ {[%clk 0:16:25]} Kh7
{[%clk 0:24:09]} 35. Qd3 {[%clk 0:16:08]} Qa7+ {[%clk 0:24:30]} 36. Kh1
{[%clk 0:15:04]} Qxe7 {[%clk 0:24:48]} 37. Qd7 {[%clk 0:15:20]} Qg5
{[%clk 0:24:25]} 38. e7 {[%clk 0:14:42]} Rxc2 {[%clk 0:24:35]} 39. Rbd1
{[%clk 0:11:59]} Qh5 {[%clk 0:24:03]} 40. Bg2 {[%clk 0:11:42]} Nc5
{[%clk 0:23:13]} 41. Qd8 {[%clk 0:11:15]} Ne4 {[%clk 0:21:24]} 42. Rxe4
{[%clk 0:10:26]} Rxd8 {[%clk 0:20:39]} 43. exd8=Q {[%clk 0:10:41]} Qf5
{[%clk 0:20:59]} 44. e6 {[%clk 0:10:09]} Rxg2 {[%clk 0:19:41]} 45. Bxg7
{[%clk 0:09:56]} Rxh2+ {[%clk 0:19:12]} 46. Kxh2 {[%clk 0:09:47]} Qf2+
{[%clk 0:19:08]} 47. Kh1 {[%clk 0:08:29]} Qf3+ {[%clk 0:19:32]} 48. Kg1
{[%clk 0:08:51]} Qxg3+ {[%clk 0:19:53]} 49. Kf1 {[%clk 0:09:10]} Qf3+
{[%clk 0:20:18]} 50. Ke1 {[%clk 0:09:28]} Qxe4+ {[%clk 0:20:43]} 51. Kd2
{[%clk 0:09:28]} Qf4+ {[%clk 0:20:53]} 52. Kc2 {[%clk 0:09:12]} Qa4+
{[%clk 0:21:08]} 53. Kb1 {[%clk 0:08:52]} Qe4+ {[%clk 0:21:24]} 54. Qd3
{[%clk 0:08:32]} Qxe6 {[%clk 0:20:48]} 55. Bb2 {[%clk 0:08:38]} h5
{[%clk 0:21:11]} 56. Qd7+ {[%clk 0:08:34]} Qxd7 {[%clk 0:21:37]} 57. Rxd7+
{[%clk 0:08:58]} Kh6 {[%clk 0:22:03]} 58. Bc1+ {[%clk 0:09:23]} g5
{[%clk 0:22:30]} 59. Rd6+ {[%clk 0:09:44]} Kg7 {[%clk 0:22:54]} 60. Bxg5
{[%clk 0:10:02]} Kf7 {[%clk 0:22:54]} 61. Kc2 {[%clk 0:10:24]} 1-0

[Event "EUYCC 2025 - U10"]
[Site "?"]
[Date "2025.08.20"]
[Round "2.2"]
[White "Hlavacek, Pavel"]
[Black "Horvath, Kornel"]
[Result "1-0"]
[BlackElo "1635"]
[WhiteElo "1923"]
[LiveChessVersion "1.4.8"]

1. d4 {[%clk 1:30:58]} Nf6 {[%clk 1:30:42]} 2. c4 {[%clk 1:31:19]} e6
{[%clk 1:30:15]} 3. Nc3 {[%clk 1:31:42]} Bb4 {[%clk 1:30:32]} 4. Qc2
{[%clk 1:32:03]} O-O {[%clk 1:30:46]} 5. Nf3 {[%clk 1:31:51]} d5 {[%clk 1:30:12]}
6. Bg5 {[%clk 1:30:55]} h6 {[%clk 1:28:23]} 7. Bh4 {[%clk 1:30:28]} Nbd7
{[%clk 1:26:42]} 8. e3 {[%clk 1:28:43]} Nb6 {[%clk 1:21:46]} 9. cxd5
{[%clk 1:23:43]} Nbxd5 {[%clk 1:12:40]} 10. Bd3 {[%clk 1:19:46]} Be7
{[%clk 1:10:02]} 11. a3 {[%clk 1:17:26]} Nxc3 {[%clk 1:09:05]} 12. bxc3
{[%clk 1:13:51]} Nd5 {[%clk 1:07:56]} 13. Bxe7 {[%clk 1:13:23]} Qxe7
{[%clk 1:07:19]} 14. c4 {[%clk 1:11:30]} Nf6 {[%clk 1:06:46]} 15. O-O
{[%clk 1:10:09]} Nd7 {[%clk 1:03:44]} 16. e4 {[%clk 1:08:33]} e5 {[%clk 1:02:49]}
17. Qc3 {[%clk 0:47:26]} exd4 {[%clk 1:00:47]} 18. Nxd4 {[%clk 0:41:50]} Rd8
{[%clk 0:58:51]} 19. Rad1 {[%clk 0:24:31]} Nc5 {[%clk 0:55:39]} 20. Bb1
{[%clk 0:16:15]} Bg4 {[%clk 0:50:03]} 21. f3 {[%clk 0:15:56]} Bh5
{[%clk 0:50:12]} 22. Nf5 {[%clk 0:15:40]} Qf8 {[%clk 0:50:21]} 23. Rd5
{[%clk 0:13:45]} Rxd5 {[%clk 0:50:24]} 24. cxd5 {[%clk 0:13:17]} Na6
{[%clk 0:49:53]} 25. Rc1 {[%clk 0:11:09]} Bg6 {[%clk 0:48:36]} 26. e5
{[%clk 0:07:38]} Bxf5 {[%clk 0:45:27]} 27. Bxf5 Qd8 {[%clk 0:43:14]} 28. Be4
{[%clk 0:06:32]} Rb8 {[%clk 0:43:17]} 29. e6 {[%clk 0:05:16]} fxe6
{[%clk 0:42:55]} 30. dxe6 {[%clk 0:05:41]} Qd6 {[%clk 0:42:11]} 31. Qc4
{[%clk 0:04:38]} c6 {[%clk 0:39:07]} 32. e7+ {[%clk 0:03:58]} Kh8
{[%clk 0:39:29]} 33. Qf7 {[%clk 0:03:59]} Qd7 {[%clk 0:39:44]} 34. Qf8+
{[%clk 0:04:23]} Rxf8 {[%clk 0:40:02]} 35. exf8=R# {[%clk 0:04:45]} 1-0

[Event "EUYCC 2025 - U10"]
[Site "?"]
[Date "2025.08.20"]
[Round "2.3"]
[White "Kristof, Simon"]
[Black "Perouin, Simon"]
[Result "0-1"]
[BlackElo "1861"]
[WhiteElo "1635"]
[LiveChessVersion "1.4.8"]

1. e4 {[%clk 1:30:58]} e5 {[%clk 1:30:53]} 2. Nf3 {[%clk 1:31:22]} d6
{[%clk 1:31:14]} 3. Bc4 {[%clk 1:30:57]} Nf6 {[%clk 1:31:27]} 4. Nc3
{[%clk 1:29:26]} Be7 {[%clk 1:31:36]} 5. d4 {[%clk 1:28:50]} exd4
{[%clk 1:31:06]} 6. Nxd4 {[%clk 1:29:11]} O-O {[%clk 1:30:50]} 7. O-O
{[%clk 1:29:17]} c6 {[%clk 1:28:12]} 8. Nf3 {[%clk 1:24:58]} b5 {[%clk 1:26:56]}
9. Bd3 {[%clk 1:18:30]} Bg4 {[%clk 1:19:55]} 10. Bf4 {[%clk 1:13:55]} Nbd7
{[%clk 1:16:25]} 11. Re1 {[%clk 1:11:08]} Nc5 {[%clk 1:10:31]} 12. b4
{[%clk 1:07:25]} Nxd3 {[%clk 1:05:15]} 13. Qxd3 {[%clk 1:07:24]} d5
{[%clk 0:49:21]} 14. exd5 {[%clk 1:04:07]} Bxb4 {[%clk 0:49:11]} 15. d6
{[%clk 0:49:39]} Bxc3 {[%clk 0:45:17]} 16. Qxc3 {[%clk 0:49:35]} Nd5
{[%clk 0:45:45]} 17. Qd4 {[%clk 0:46:15]} Bxf3 {[%clk 0:43:07]} 18. gxf3
{[%clk 0:45:39]} Qd7 {[%clk 0:39:30]} 19. Kh1 {[%clk 0:33:52]} Qf5
{[%clk 0:37:05]} 20. Bg3 {[%clk 0:25:31]} Qxf3+ {[%clk 0:36:46]} 21. Kg1
{[%clk 0:25:52]} h5 {[%clk 0:32:17]} 22. Qe4 {[%clk 0:22:24]} Qxe4
{[%clk 0:30:50]} 23. Rxe4 {[%clk 0:22:48]} f5 {[%clk 0:27:12]} 24. Rd4
{[%clk 0:19:27]} Rad8 {[%clk 0:23:58]} 25. Bh4 {[%clk 0:17:15]} Rxd6
{[%clk 0:24:01]} 26. Kf1 {[%clk 0:15:07]} Re6 {[%clk 0:23:41]} 27. c4
{[%clk 0:14:05]} bxc4 {[%clk 0:20:41]} 28. Rxc4 {[%clk 0:14:22]} Rc8
{[%clk 0:17:44]} 29. Rd1 {[%clk 0:11:59]} Nb6 {[%clk 0:12:14]} 30. Rc5
{[%clk 0:11:03]} g6 {[%clk 0:12:10]} 31. Ra5 {[%clk 0:10:55]} Rc7
{[%clk 0:06:23]} 32. Bd8 {[%clk 0:07:32]} Rb7 {[%clk 0:05:28]} 33. Rb1
{[%clk 0:05:57]} Rd6 {[%clk 0:04:18]} 34. Bg5 {[%clk 0:05:35]} Kf7
{[%clk 0:03:37]} 35. Be3 {[%clk 0:05:51]} Kf6 {[%clk 0:01:35]} 36. Ra6
{[%clk 0:06:11]} g5 {[%clk 0:00:45]} 37. Bxb6 {[%clk 0:06:30]} axb6
{[%clk 0:01:10]} 38. Raxb6 {[%clk 0:06:27]} Rxb6 {[%clk 0:01:23]} 39. Rxb6
{[%clk 0:06:31]} Rd1+ {[%clk 0:01:43]} 40. Kg2 {[%clk 0:02:20]} Rc1
{[%clk 0:02:11]} 41. a4 {[%clk 0:01:55]} g4 {[%clk 0:01:53]} 42. Rb3
{[%clk 0:01:37]} c5 {[%clk 0:01:58]} 43. Rb8 {[%clk 0:01:12]} Kg5
{[%clk 0:01:42]} 44. Rg8+ {[%clk 0:01:03]} Kf4 {[%clk 0:01:09]} 45. Rh8
{[%clk 0:00:55]} c4 {[%clk 0:01:07]} 46. Rxh5 {[%clk 0:01:05]} Ra1
{[%clk 0:01:31]} 47. Rh8 {[%clk 0:01:17]} Rxa4 {[%clk 0:01:45]} 48. Rc8
{[%clk 0:01:34]} Ke4 {[%clk 0:01:54]} 49. Rc7 {[%clk 0:00:43]} Kd4
{[%clk 0:02:02]} 50. Rd7+ {[%clk 0:00:49]} Ke4 {[%clk 0:01:29]} 51. Re7+
{[%clk 0:01:07]} Kd3 {[%clk 0:01:55]} 52. Rc7 {[%clk 0:00:54]} c3
{[%clk 0:02:18]} 53. Rd7+ {[%clk 0:00:56]} Ke2 {[%clk 0:02:39]} 54. Rc7
{[%clk 0:00:36]} Kd2 {[%clk 0:02:59]} 55. Rd7+ {[%clk 0:00:46]} Kc1
{[%clk 0:03:15]} 56. Rc7 {[%clk 0:01:02]} c2 {[%clk 0:03:37]} 57. Rc8
{[%clk 0:01:15]} Kd2 {[%clk 0:03:54]} 58. Rd8+ {[%clk 0:01:39]} Kc3
{[%clk 0:04:20]} 59. Rc8+ {[%clk 0:01:40]} Rc4 {[%clk 0:04:49]} 0-1

[Event "EUYCC 2025 - U10"]
[Site "?"]
[Date "2025.08.20"]
[Round "2.4"]
[White "Skouroupathis, Kyriakos"]
[Black "Stricova, Viktoria Lea"]
[Result "1-0"]
[BlackElo "1610"]
[WhiteElo "1798"]
[LiveChessVersion "1.4.8"]

1. e4 {[%clk 1:30:57]} c5 {[%clk 1:30:40]} 2. Nf3 {[%clk 1:31:23]} d6
{[%clk 1:30:56]} 3. d4 {[%clk 1:31:48]} cxd4 {[%clk 1:31:14]} 4. Nxd4
{[%clk 1:32:11]} Nf6 {[%clk 1:31:14]} 5. Nc3 {[%clk 1:32:32]} g6 {[%clk 1:30:47]}
6. f3 {[%clk 1:32:35]} Bg7 {[%clk 1:30:26]} 7. Be3 {[%clk 1:32:54]} O-O
{[%clk 1:29:31]} 8. Qd2 {[%clk 1:33:20]} Nc6 {[%clk 1:27:15]} 9. g4
{[%clk 1:32:39]} a6 {[%clk 1:12:34]} 10. O-O-O {[%clk 1:27:10]} Bd7
{[%clk 1:11:24]} 11. h4 {[%clk 1:15:50]} b5 {[%clk 1:09:43]} 12. h5
{[%clk 1:02:13]} b4 {[%clk 1:03:01]} 13. Nb1 {[%clk 1:01:13]} Nxd4
{[%clk 0:57:07]} 14. Bxd4 {[%clk 1:01:07]} b3 {[%clk 0:53:18]} 15. axb3
{[%clk 1:00:09]} a5 {[%clk 0:51:36]} 16. hxg6 {[%clk 1:00:32]} fxg6
{[%clk 0:50:41]} 17. Bc4+ {[%clk 0:59:13]} Kh8 {[%clk 0:49:32]} 18. Bxf6
{[%clk 0:59:28]} Bxf6 {[%clk 0:48:47]} 19. Qh6 {[%clk 0:59:34]} Bg5+
{[%clk 0:30:33]} 20. Qxg5 {[%clk 1:00:01]} e6 {[%clk 0:25:52]} 21. Qxd8
{[%clk 0:59:56]} Raxd8 {[%clk 0:25:01]} 22. Rxd6 {[%clk 1:00:20]} e5
{[%clk 0:24:15]} 23. Rhd1 {[%clk 1:00:45]} Rxf3 {[%clk 0:22:58]} 24. Rxd7
{[%clk 1:00:46]} Rdf8 {[%clk 0:22:14]} 25. Rh1 {[%clk 1:01:12]} 1-0

[Event "EUYCC 2025 - U10"]
[Site "?"]
[Date "2025.08.20"]
[Round "2.5"]
[White "Vinet, Matelo"]
[Black "Andrasinova, Natalia"]
[Result "1-0"]
[BlackElo "1572"]
[WhiteElo "1708"]
[LiveChessVersion "1.4.8"]

1. e4 {[%clk 1:30:52]} e5 {[%clk 1:30:53]} 2. Nf3 {[%clk 1:30:53]} Nc6
{[%clk 1:31:04]} 3. Bb5 {[%clk 1:31:15]} a6 {[%clk 1:31:23]} 4. Bxc6
{[%clk 1:31:37]} dxc6 {[%clk 1:31:41]} 5. O-O {[%clk 1:29:57]} Bg4
{[%clk 1:31:58]} 6. h3 {[%clk 1:30:22]} h5 {[%clk 1:31:38]} 7. d3
{[%clk 1:30:50]} Qf6 {[%clk 1:31:58]} 8. Be3 {[%clk 1:31:16]} Bxf3
{[%clk 1:32:10]} 9. Qxf3 {[%clk 1:31:41]} Qxf3 {[%clk 1:32:31]} 10. gxf3
{[%clk 1:31:42]} Nf6 {[%clk 1:30:07]} 11. f4 exf4 {[%clk 1:26:32]} 12. Bxf4
{[%clk 1:32:17]} O-O-O {[%clk 1:26:43]} 13. Nd2 {[%clk 1:31:42]} Bc5
{[%clk 1:24:20]} 14. Rad1 {[%clk 1:29:24]} Rde8 {[%clk 1:23:22]} 15. Kg2
{[%clk 1:27:27]} Bd6 {[%clk 1:22:37]} 16. Bg3 {[%clk 1:26:31]} g5
{[%clk 1:21:06]} 17. Nc4 {[%clk 1:24:37]} Bc5 {[%clk 1:19:25]} 18. f3
{[%clk 1:20:32]} h4 {[%clk 1:18:37]} 19. Be5 {[%clk 1:19:57]} Rh6
{[%clk 1:17:36]} 20. Bxf6 {[%clk 1:17:47]} Rxf6 {[%clk 1:17:34]} 21. d4
{[%clk 1:16:31]} Ba7 {[%clk 1:17:07]} 22. c3 {[%clk 1:13:33]} c5 {[%clk 1:15:06]}
23. d5 {[%clk 1:12:02]} b5 {[%clk 1:14:19]} 24. Na5 {[%clk 1:07:59]} c4
{[%clk 1:11:02]} 25. Nc6 {[%clk 1:06:57]} Bc5 {[%clk 1:10:33]} 26. Ra1
{[%clk 1:06:04]} Kb7 {[%clk 1:08:56]} 27. Rfe1 {[%clk 1:06:03]} Rg6
{[%clk 1:06:58]} 28. a4 {[%clk 1:05:10]} f6 {[%clk 1:01:25]} 29. Kf1
{[%clk 1:02:36]} Rgg8 {[%clk 0:57:52]} 30. Kg2 {[%clk 0:58:50]} Rg6
{[%clk 0:56:04]} 31. axb5 {[%clk 0:55:42]} axb5 {[%clk 0:55:09]} 32. Ra5
{[%clk 0:56:01]} Kb6 {[%clk 0:54:06]} 33. Rea1 {[%clk 0:53:09]} Be3
{[%clk 0:51:10]} 34. Na7 {[%clk 0:52:23]} Kc5 {[%clk 0:45:34]} 35. Rxb5+
{[%clk 0:52:28]} Kd6 {[%clk 0:45:27]} 36. Rb4 {[%clk 0:50:38]} Bxa7
{[%clk 0:44:22]} 37. Rxa7 {[%clk 0:51:01]} Rc8 {[%clk 0:42:35]} 38. Rxc4
{[%clk 0:51:09]} Rg7 {[%clk 0:42:49]} 39. Rc6+ {[%clk 0:51:24]} Ke5
{[%clk 0:42:43]} 40. Re6+ {[%clk 0:51:48]} Kf4 {[%clk 0:41:48]} 41. Rxf6+ 1-0